[Event "World ol U16"]
[Site "Nakhchivan"]
[Date "2022.10.04"]
[Round "3.15"]
[White "Nuriyeva, Nurtan"]
[Black "Chang, Sebastian"]
[Result "1-0"]
[WhiteElo "1691"]
[BlackElo "1430"]
[PlyCount "109"]
[EventDate "2022.10.02"]
[EventType "team-swiss"]
[EventRounds "9"]
[EventCountry "AZE"]
[SourceTitle "CBM 210 Extra"]
[Source "ChessBase"]
[SourceDate "2022.11.30"]
[SourceVersion "1"]
[SourceVersionDate "2022.11.30"]
[SourceQuality "1"]
[WhiteTeam "Azerbaijan III"]
[BlackTeam "South Africa III"]
[WhiteTeamCountry "AZE"]
[BlackTeamCountry "RSA"]

1. d4 Nf6 2. c4 c5 3. d5 b5 4. e3 d6 5. cxb5 a6 6. Nc3 g6 7. Nf3 Bg7 8. h3 0-0 9. bxa6 Bxa6 10. Bxa6 Nxa6 11. 0-0 Qb6 12. Re1 Rfb8 13. e4 Nd7 14. Re2 c4 15. Be3 Nac5 16. Rc1 Qa6 17. Bd4 Nd3 18. Rb1 N7c5 19. Bxg7 Kxg7 20. g3 Na4 21. Nxa4 Qxa4 22. b3 Qa6 23. Qc2 cxb3 24. axb3 Nb4 25. Qc3+ Kg8 26. Ree1 Qb6 27. Qe3 Qxe3 28. Rxe3 Rc8 29. Nd4 Ra2 30. Re2 Rxe2 31. Nxe2 Rc2 32. Kf1 Kf8 33. h4 Ke8 34. Ra1 Rb2 35. Ra8+ Kd7 36. Ra7+ Kd8 37. Nd4 h5 38. Ra4 Nd3 39. f4 Nc5 40. Nc6+ Ke8 41. Ra8+ Kd7 42. Ra7+ Ke8 43. b4 Nd3 44. Rxe7+ Kf8 45. Rd7 Nxb4 46. Rd8+ Kg7 47. Rxd6 Nxc6 48. Rxc6 Rb4 49. e5 Rd4 50. d6 Kf8 51. Rc8+ Kg7 52. Rd8 f6 53. e6 Re4 54. e7 Kf7 55. Rf8+ 1-0

[Event "World ol U16"]
[Site "Nakhchivan"]
[Date "2022.10.02"]
[Round "1.14"]
[White "Cebotari, Stanislav"]
[Black "Chang, Sebastian"]
[Result "1-0"]
[WhiteElo "2047"]
[BlackElo "1430"]
[PlyCount "77"]
[EventDate "2022.10.02"]
[EventType "team-swiss"]
[EventRounds "9"]
[EventCountry "AZE"]
[SourceTitle "CBM 210 Extra"]
[Source "ChessBase"]
[SourceDate "2022.11.30"]
[SourceVersion "1"]
[SourceVersionDate "2022.11.30"]
[SourceQuality "1"]
[WhiteTeam "Moldova"]
[BlackTeam "South Africa III"]
[WhiteTeamCountry "MDA"]
[BlackTeamCountry "RSA"]

1. Nf3 Nf6 2. g3 Nc6 3. Bg2 e5 4. d3 Bc5 5. 0-0 d5 6. c3 0-0 7. b4 Bd6 8. a3 Re8 9. Nbd2 Bf5 10. Nb3 Qe7 11. Nh4 Be6 12. e4 d4 13. c4 Qd7 14. f4 Bh3 15. f5 Bxg2 16. Kxg2 b6 17. h3 Be7 18. Nf3 Bf8 19. Bg5 Qe7 20. g4 h6 21. Bh4 Qd7 22. Bg3 Qe7 23. b5 Nd8 24. Nxe5 Nd7 25. Nxd7 Qxd7 26. Qf3 c5 27. e5 Rc8 28. a4 g6 29. a5 Bg7 30. Rfe1 gxf5 31. gxf5 Nb7 32. axb6 axb6 33. Ra7 Rb8 34. e6 Qe7 35. Bxb8 Rxb8 36. f6 Bxf6 37. Qg3+ Bg7 38. Qxb8+ Kh7 39. Rxb7 1-0